| 000 | 01564nam a22003614a 4500 | ||
|---|---|---|---|
| 001 | ebr10001709 | ||
| 003 | CaPaEBR | ||
| 006 | m u | ||
| 007 | cr cn||||||||| | ||
| 008 | 001024s2001 cau sb 001 0 eng | ||
| 010 | _z 00012118 | ||
| 020 | _z0787952842 (alk. paper) | ||
| 040 |
_aCaPaEBR _cCaPaEBR |
||
| 035 | _a(OCoLC)559492770 | ||
| 050 | 1 | 4 |
_aLB2332.32 _b.G45 2001eb |
| 082 | 0 | 4 |
_a378/.0082 _221 |
| 245 | 0 | 0 |
_aGender equity or bust! _h[electronic resource] : _bon the road to campus leadership with women in higher education / _cMary Dee Wenniger, Mary Helen Conroy ; foreword by Lesley A. Diehl. |
| 250 | _a1st ed. | ||
| 260 |
_aSan Francisco : _bJossey-Bass Publishers, _cc2001. |
||
| 300 | _axxvii, 303 p. | ||
| 490 | 1 | _aThe Jossey-Bass higher and adult education series | |
| 504 | _aIncludes bibliographical references (p. 291-292) and index. | ||
| 533 |
_aElectronic reproduction. _bPalo Alto, Calif. : _cebrary, _d2013. _nAvailable via World Wide Web. _nAccess may be limited to ebrary affiliated libraries. |
||
| 650 | 0 |
_aWomen college teachers _zUnited States. |
|
| 650 | 0 |
_aWomen _xEducation (Higher) _zUnited States. |
|
| 650 | 0 |
_aSex discrimination in education _zUnited States. |
|
| 655 | 7 |
_aElectronic books. _2local |
|
| 700 | 1 |
_aWenniger, Mary Dee, _d1944- |
|
| 700 | 1 | _aConroy, Mary Helen. | |
| 710 | 2 | _aebrary, Inc. | |
| 830 | 0 | _aJossey-Bass higher and adult education series. | |
| 856 | 4 | 0 |
_uhttp://site.ebrary.com/lib/rucke/Doc?id=10001709 _zAn electronic book accessible through the World Wide Web; click to view |
| 999 |
_c4717 _d4717 |
||